| 000 | 00838nam a22002775i 4500 | ||
|---|---|---|---|
| 001 | 11311 | ||
| 003 | ES-MaACL | ||
| 005 | 20250822031948.0 | ||
| 007 | t| | ||
| 008 | 940705s1994 sp ||||0| spa j | ||
| 020 | _a84-7754-185-X | ||
| 040 |
_aM-BN _bspa _cM-BN |
||
| 080 | _a159.9(460)(091) | ||
| 100 | 1 |
_aCarpintero, Helio ( _d1939-) _9172420 |
|
| 245 | 1 | 0 |
_aHistoria de la psicología en España / _cHelio Carpintero. |
| 250 | _a1ª ed. | ||
| 260 |
_aMadrid : _bEUDEMA, _c1994. |
||
| 300 |
_a349 p ; _c21 cm. |
||
| 490 | 1 | _aEUDEMA universidad. Textos de apoyo | |
| 500 | _aIndice. | ||
| 504 | _aBibliografía: p. [311]-341. | ||
| 650 | 1 | 4 |
_aPsicología- _zEspaña- _vHistoria _916544 |
| 830 | 0 |
_aEUDEMA universidad. Textos de apoyo _9178862 |
|
| 852 |
_aES-MaACL _jL-18566 _bR.124793 |
||
| 999 |
_c11311 _d11311 |
||